00325nam a2200121Ia 4500008004100000041000800041082001500049100001800064245004500082260003800127300003100165365000700196240624s9999 xx 000 0 und d aeng a332.63 VEN aVENKATESH T R aNEW FINANCIAL INSTRUMENTS AN INTRODUCTIO c2005aHyderabadbICFAI University avii, : 252 : p. : cm. ; 23 cRS